000 00413nam a2200157Ia 4500
008 100122s9999 xx 000 0 und d
082 _b53227
_aB823.08
100 _aARORA BOOK COMPANY
245 _aFAIRY TALES FOR YOUNG READERS
250 _a0
260 _bARORA BOOK COMPANY
_c1993
300 _a75
630 _aFAIRY TALES FOR YOUNG READERS
730 _aFAIRY TALES FOR YOUNG READERS
942 _cBOOK
999 _c376046
_d376043